WW2 Poland borders - Statistics

General Stats
  • This quiz has been taken 45 times
  • The average score is 5 of 7
Answer Stats
Countries % Correct
Third Reich
97%
Soviet Union
95%
Czechoslovakia
76%
Lithuania
71%
Romania
63%
Latvia
58%
Free city of Danzig
34%
No matching quizzes found
Score Distribution
Percent of People with Each Score
Percentile by Number Answered
Your Score History
You have not taken this quiz